Seed-faith commentary on the Holy Bible / (Record no. 5072)
[ view plain ]
| 000 -LEADER | |
|---|---|
| fixed length control field | 00625cam a2200217Ia 4500 |
| 001 - CONTROL NUMBER | |
| control field | 3918006 |
| 003 - CONTROL NUMBER IDENTIFIER | |
| control field | OCoLC |
| 005 - DATE AND TIME OF LATEST TRANSACTION | |
| control field | 20181219201031.0 |
| 008 - FIXED-LENGTH DATA ELEMENTS--GENERAL INFORMATION | |
| fixed length control field | 780522s1975 okuc 000 0 eng d |
| 035 ## - SYSTEM CONTROL NUMBER | |
| System control number | (OCoLC)3918006 |
| 040 ## - CATALOGING SOURCE | |
| Original cataloging agency | SJP |
| Language of cataloging | eng |
| Transcribing agency | SJP |
| Modifying agency | MCB |
| -- | OCLCQ |
| -- | OCLCF |
| -- | ATH |
| 050 #4 - LIBRARY OF CONGRESS CALL NUMBER | |
| Classification number | BT771.2 |
| Item number | .R62 1975 |
| 082 ## - DEWEY DECIMAL CLASSIFICATION NUMBER | |
| Classification number | 220.7 |
| Item number | R639S |
| 100 1# - MAIN ENTRY--PERSONAL NAME | |
| Personal name | Roberts, Oral, |
| Dates associated with a name | 1918-2009. |
| 245 10 - TITLE STATEMENT | |
| Title | Seed-faith commentary on the Holy Bible / |
| Statement of responsibility, etc. | by Oral Roberts. |
| 260 ## - PUBLICATION, DISTRIBUTION, ETC. | |
| Place of publication, distribution, etc. | Tulsa, Okla : |
| Name of publisher, distributor, etc. | Pinoak, |
| Date of publication, distribution, etc. | 1975. |
| 300 ## - PHYSICAL DESCRIPTION | |
| Extent | 272 p. ; |
| Dimensions | 20 cm. |
| 630 00 - SUBJECT ADDED ENTRY--UNIFORM TITLE | |
| Uniform title | Bible |
| Form subdivision | Sermons. |
| 630 00 - SUBJECT ADDED ENTRY--UNIFORM TITLE | |
| Uniform title | Bible. |
| Version | King James. |
| Form subheading | Selections. |
| 942 ## - ADDED ENTRY ELEMENTS (KOHA) | |
| Source of classification or shelving scheme | Dewey Decimal Classification |
| Koha item type | Books |
| Withdrawn status | Lost status | Source of classification or shelving scheme | Damaged status | Not for loan | Collection code | Home library | Current library | Shelving location | Date acquired | Cost, normal purchase price | Total Checkouts | Full call number | Barcode | Date last seen | Price effective from | Koha item type |
|---|---|---|---|---|---|---|---|---|---|---|---|---|---|---|---|---|
| Dewey Decimal Classification | Non-fiction | Harvest Mission College | Harvest Mission College | General Stacks | 19.12.2018 | 540.00 | 220.7 R639S | 005800 | 19.12.2018 | 19.12.2018 | Books |
